Secret kingdom / (Record no. 3855)
[ view plain ]
| 000 -LEADER | |
|---|---|
| fixed length control field | 01002nam a22002417a 4500 |
| 001 - CONTROL NUMBER | |
| control field | 3855 |
| 003 - CONTROL NUMBER IDENTIFIER | |
| control field | FISKH |
| 005 - DATE AND TIME OF LATEST TRANSACTION | |
| control field | 20251003095827.0 |
| 008 - FIXED-LENGTH DATA ELEMENTS--GENERAL INFORMATION | |
| fixed length control field | 240517b cb ||||| |||| 00| 0 eng d |
| 040 ## - CATALOGING SOURCE | |
| Original cataloging agency | FISK |
| Language of cataloging | eng |
| Transcribing agency | FISK |
| Modifying agency | FISK |
| 082 ## - DEWEY DECIMAL CLASSIFICATION NUMBER | |
| Classification number | 813.6 |
| 100 ## - MAIN ENTRY--PERSONAL NAME | |
| Personal name | Banks Rosie |
| Dates associated with a name | 1914-2014 |
| 245 ## - TITLE STATEMENT | |
| Title | Secret kingdom / |
| Remainder of title | Pixie princess, |
| Statement of responsibility, etc. | by Rosie Banks |
| 260 ## - PUBLICATION, DISTRIBUTION, ETC. | |
| Place of publication, distribution, etc. | London : |
| Name of publisher, distributor, etc. | Orchard Books, |
| Date of publication, distribution, etc. | 2014 |
| 300 ## - PHYSICAL DESCRIPTION | |
| Extent | 192 pages : |
| Other physical details | illustrations, |
| Dimensions | 21 cm |
| 490 ## - SERIES STATEMENT | |
| Series statement | series 4 |
| 505 ## - FORMATTED CONTENTS NOTE | |
| Formatted contents note | M |
| 520 ## - SUMMARY, ETC. | |
| Summary, etc. | The fourth brilliant Secret Kingdom bumper special - two magical stories in one! Jasmine, Ellie and Summer are thrilled to be visiting Trixibelle's home for a special pixie celebration! But evil Queen Malice is determined to ruin the fun...and steal the crown of the mysterious Pixie Princess. Can the girls stop the queen's wicked plans and save the pixies' Heart Tree home? |
| 521 8# - TARGET AUDIENCE NOTE | |
| Target audience note | 710 |
| Source | Lexile estimates |
| 700 ## - ADDED ENTRY--PERSONAL NAME | |
| Personal name | Rosie Banks |
| 942 ## - ADDED ENTRY ELEMENTS (KOHA) | |
| Source of classification or shelving scheme | Dewey Decimal Classification |
| Koha item type | Books |
| Suppress in OPAC | No |
| Withdrawn status | Lost status | Source of classification or shelving scheme | Damaged status | Not for loan | Collection | Home library | Current library | Shelving location | Date acquired | Total Checkouts | Full call number | Barcode | Date last seen | Date last checked out | Copy number | Price effective from | Koha item type |
|---|---|---|---|---|---|---|---|---|---|---|---|---|---|---|---|---|---|
| Dewey Decimal Classification | Fiction | Footprints International School Library Network Toul Tom Poung Campus | Footprints International School Library Network Toul Tom Poung Campus | TTP Primary Orange Bookshelves | 05/17/2024 | 4 | BAN 813.6 | 2024-0634 | 11/14/2025 | 10/10/2025 | 1 | 05/17/2024 | Books |
